<?xml version="1.0" encoding="UTF-8"?>
<record
    xmlns:xsi="http://www.w3.org/2001/XMLSchema-instance"
    xsi:schemaLocation="http://www.loc.gov/MARC21/slim http://www.loc.gov/standards/marcxml/schema/MARC21slim.xsd"
    xmlns="http://www.loc.gov/MARC21/slim">

  <leader>01778nam a22002057a 4500</leader>
  <datafield tag="999" ind1=" " ind2=" ">
    <subfield code="c">357995</subfield>
    <subfield code="d">357995</subfield>
  </datafield>
  <controlfield tag="003">IT-MiCISF</controlfield>
  <controlfield tag="005">20180905163611.0</controlfield>
  <controlfield tag="008">180905b           ||||| |||| 00| 0 eng d</controlfield>
  <datafield tag="040" ind1=" " ind2=" ">
    <subfield code="c">IT-MiCISF</subfield>
  </datafield>
  <datafield tag="041" ind1=" " ind2=" ">
    <subfield code="a">it</subfield>
  </datafield>
  <datafield tag="100" ind1=" " ind2=" ">
    <subfield code="a">Bolzan Mario (a cura di)</subfield>
    <subfield code="9">57371</subfield>
  </datafield>
  <datafield tag="245" ind1=" " ind2=" ">
    <subfield code="a">Domani in famiglia</subfield>
  </datafield>
  <datafield tag="260" ind1=" " ind2=" ">
    <subfield code="a">Milano</subfield>
    <subfield code="b">FrancoAngeli</subfield>
    <subfield code="c">2018</subfield>
  </datafield>
  <datafield tag="300" ind1=" " ind2=" ">
    <subfield code="a">pp. 217</subfield>
  </datafield>
  <datafield tag="500" ind1=" " ind2=" ">
    <subfield code="a">famiglia, societ&#xE0;, stile-di-vita, storia, identit&#xE0;-familiare</subfield>
  </datafield>
  <datafield tag="520" ind1=" " ind2=" ">
    <subfield code="a">Nella nostra societ&#xE0; sono in azione trasformazioni radicali, veloci e diffuse che esercitano sull'uomo contemporaneo un profondo ed evidente effetto e che stanno incidendo profondamente sugli stili di vita e prospettive dell'attuale generazione. Questi mutamenti incidono naturalmente anche sulla famiglia, sulla sua identit&#xE0; e storia. Da queste sollecitazioni nascono interrogativi e timori che spesso vengono esorcizzati o guardati con diffidenza. Con questo studio - che vede l'applicazione del metodo Delphi ad un panel di 32 esperti - si intende affrontare tali questioni, offrendo un contributo di ipotesi e orientamenti condivisi che possono integrare quanto proposto dall'applicazione di modelli matematici e statistici previsionali in altri ambiti di ricerca che vedono la famiglia quale soggetto di riferimento. Vengono descritti alcuni scenari possibili su condizioni, tipologie e problemi della famiglia nei prossimi anni, nel tentativo di tracciare una direzione su come sar&#xE0; e cosa dovr&#xE0; affrontare la famiglia nel medio termine. La ricerca &#xE8; stata effettuata nel Veneto, regione fra le pi&#xF9; ricche e attive d'Europa, detta "terza Italia" poich&#xE9; in essa vi &#xE8; molto dell'Italia e in tutta la penisola vi &#xE8; molto del Veneto. </subfield>
  </datafield>
  <datafield tag="650" ind1=" " ind2=" ">
    <subfield code="a">famiglia</subfield>
    <subfield code="9">56036</subfield>
  </datafield>
  <datafield tag="654" ind1=" " ind2=" ">
    <subfield code="a">indagine</subfield>
  </datafield>
  <datafield tag="942" ind1=" " ind2=" ">
    <subfield code="2">ddc</subfield>
    <subfield code="c">BK</subfield>
  </datafield>
  <datafield tag="952" ind1=" " ind2=" ">
    <subfield code="0">0</subfield>
    <subfield code="1">0</subfield>
    <subfield code="2">ddc</subfield>
    <subfield code="4">0</subfield>
    <subfield code="6">B_7481_000000000000000</subfield>
    <subfield code="7">1</subfield>
    <subfield code="a">CISF</subfield>
    <subfield code="b">CISF</subfield>
    <subfield code="d">2018-09-05</subfield>
    <subfield code="l">0</subfield>
    <subfield code="o">b7481</subfield>
    <subfield code="p">9788891761729</subfield>
    <subfield code="r">2018-09-05 00:00:00</subfield>
    <subfield code="w">2018-09-05</subfield>
    <subfield code="y">BK</subfield>
  </datafield>
</record>
